000
00296nam a22001337a 4500
008
170530b xxu||||| |||| 00| 0 eng d
020
_a
9780195167733
041
_a
eng
080
_a
94(7/8)
100
_a
17
101
_a
SHH
245
_a
HATING AMERICA A HISTORY
_c
RUBIN,B
942
_2
udc
_c
BK
999
_c
15061
_d
15061